ბათუმის შოთა რუსთაველის სახელმწიფო უნივერსიტეტის ბიბლიოთეკა

Основы восстановительной медицины и физиотерапии (ბიბ.ჩანაწერი № 45710)

000 -LEADER
fixed length control field 00679nam a2200217Ia 4500
001 - CONTROL NUMBER
control field 12537
003 - CONTROL NUMBER IDENTIFIER
control field GE_BSU
008 - FIXED-LENGTH DATA ELEMENTS--GENERAL INFORMATION
fixed length control field 181216s||||||||xx |||||||||||||| ||und||
020 ## - INTERNATIONAL STANDARD BOOK NUMBER
International Standard Book Number 9785970425602
040 ## - CATALOGING SOURCE
Transcribing agency GE_BSU
080 ## - UNIVERSAL DECIMAL CLASSIFICATION NUMBER
Universal Decimal Classification number 615.83(075.8)
100 ## - MAIN ENTRY--PERSONAL NAME
Personal name Александров,В.В. Алгазин,А.И.
245 ## - TITLE STATEMENT
Title Основы восстановительной медицины и физиотерапии
260 ## - PUBLICATION, DISTRIBUTION, ETC.
Place of publication, distribution, etc. Москва
260 ## - PUBLICATION, DISTRIBUTION, ETC.
Name of publisher, distributor, etc. Геотар-Медиа
260 ## - PUBLICATION, DISTRIBUTION, ETC.
Date of publication, distribution, etc. 2013
300 ## - PHYSICAL DESCRIPTION
Extent 136стр.20см.
653 ## - INDEX TERM--UNCONTROLLED
Uncontrolled term Основы восстановительной медицины и физиотерапии
942 ## - ADDED ENTRY ELEMENTS (KOHA)
Koha item type წიგნი
ეგზემპლარები
Withdrawn status Lost status Damaged status Not for loan Date acquired Barcode Date last seen Price effective from Koha item type
        2018-12-17 36313 2018-12-17 2018-12-17 წიგნი
        2018-12-17 36314 2018-12-17 2018-12-17 წიგნი
        2018-12-17 36315 2018-12-17 2018-12-17 წიგნი
        2018-12-17 36316 2018-12-17 2018-12-17 წიგნი
        2018-12-17 36317 2018-12-17 2018-12-17 წიგნი